Le voyage de Chihiro - personnages - Statistiques

Statistiques générales
  • Ce quiz a été pris 9 fois
  • Le résultat moyen est 6 sur 18
Statistiques - réponses
Par images Réponse % Correct
Chihiro Ogino
100%
Kaonashi
88%
Yubaba
88%
Haku
75%
Akio Ogino
50%
Yuko Ogino
50%
Kamaji
38%
Lin
38%
Zeniba
38%
13%
Susuwatari
13%
Aniyaku
0%
Aogaeru
0%
Chichiyaku
0%
Kashira
0%
Kawa no Kami
0%
Oshirasama
0%
Yuna
0%
Aucun quiz correspondant
Distribution des résultats
% des personnes avec chaque résultat
Percentile par nombre de réponses
Votre historique - résultats
Vous n’avez pas pris ce quiz